Premiers of Saskatchewan - Statistics

General Stats
  • This quiz has been taken 3 times
  • The average score is 8 of 16
Answer Stats
Hint Party Answer % Correct
2007 - 2018 Saskatchewan Brad Wall
100%
2018 - Present Saskatchewan Scott Moe
100%
1982 - 1991 Progressive Conservative Grant Devine
67%
2001 - 2007 New Democratic Lorne Calvert
67%
1991 - 2001 New Democratic Roy Romanow
67%
1944 - 1961 Co-operative Commonwealth Tommy Douglas
67%
1971 - 1982 New Democratic Allan Blakeney
33%
1922 - 1926 Liberal Charles Avery Dunning
33%
1934 - 1935 Liberal James Garfield Gardiner
33%
1926 - 1929 Liberal James G. Gardiner
33%
1929 - 1934 Conservative James Thomas Milton Anderson
33%
1964 - 1971 Liberal Ross Thatcher
33%
1905 - 1916 Liberal Thomas Walter Scott
33%
1935 - 1944 Liberal William John Patterson
33%
1916 - 1922 Liberal William Melville Martin
33%
1961 - 1964 Co-operative Commonwealth Woodrow Lloyd
33%
No matching quizzes found
Score Distribution
Percent of People with Each Score
Percentile by Number Answered
Your Score History
You have not taken this quiz